000 00304nam a22001337a 4500
008 170531b xxu||||| |||| 00| 0 eng d
020 _a9780807856758
041 _aeng
080 _a94
100 _a17
101 _ashh
245 _aALTIMATE HISTORY OF GENDER POWER
_cLYONS.C.A
942 _2udc
_cBK
999 _c15117
_d15117